000 01388ctm a2200289 i 4500
003 SA-RiAUC
005 20251216140920.0
008 251208s1972 su f m 000 0 ara c
040 _aSA-JeALM
_bara
_cSA-RiAUC
_erda
082 0 4 _a229.2
090 _aر 229.2
_b ج و هـ
100 1 _aجوهري، محمد تجاني.
_eمؤلف.
245 1 0 _aكتاب فضائل القرآن ومعالمه وآدابه /
_cتأليف الإمام أبو عبيد القاسم بن سلام الهروي البغدادي ؛ إعداد محمد تجاني جوهري ؛ إشراف مصطفى الأعظمي.
246 3 0 _aفضائل القرآن ومعالمه وآدابه
264 0 _aمكة المكرمة :
_bجامعة الملك عبدالعزيز
_c1973
300 _a400 ورقة ؛
_c30 سم
336 _aنص
_btxt
_2rdacontent
_3أطروحة
337 _aبدون وسيط
_bn
_2rdamedia
338 _aمجلد
_bnc
_2rdacarrier
500 _aأطروحة (ماجستير)-جامعة أم القرى، 1393 هجري.
502 _aأطروحة (ماجستير)-جامعة أم القرى، 1393 هجري.
630 2 7 _aالقرآن
_xفضائل
_2aucut
700 1 _aأبو عبيد، القاسم بن سلام،
_d157-224 هجري
_eمؤلف.
700 _aالأعظمي, مصطفى.
_eإشراف.
942 _2ddc
_cTHESES
_n0
949 _aSA-JeALM
_d251208
_umohamedma123
_n1
999 _c13574
_d13574